| 000 | 00762nam a2200193 a 4500 | ||
|---|---|---|---|
| 003 | 0 | ||
| 005 | 20250211095426.0 | ||
| 008 | 120721s19uu xx 00 eng d | ||
| 050 |
_aPGS QR 185.8.A3 _b.S235 2012 |
||
| 100 | _aSantiago, Datu Xyrill. | ||
| 245 |
_aThe effects of different brands of alcohol on Diarrhea-causing bacteria / _cDatu Xyrill Santiago. |
||
| 260 |
_aLas PiƱas City, Philippines : _bSouthville International School and Colleges, _c2012. |
||
| 300 |
_a20 pages : _billustrations ; _c28 cm. |
||
| 504 | _aIncludes bibliographical references. | ||
| 650 |
_aBacteria _vSusceptibility to disinfectants. |
||
| 650 |
_aAlcohol _vAntimicrobial properties. |
||
| 650 |
_aDiarrhea-causing bacteria _vResponse to disinfectants. |
||
| 942 |
_2lcc _cPASS |
||
| 999 |
_c98763 _d98763 |
||